| 000 | 00742cam a2200241 4500 | ||
|---|---|---|---|
| 001 | 32415 | ||
| 003 | BD-RjUL | ||
| 005 | 20211209051831.0 | ||
| 008 | 140426s1970 pk d 000 0 eng d | ||
| 035 | _a(BD-RjUL)32504 | ||
| 040 |
_aDLC _cDLC _dBD-RjUL _beng |
||
| 041 | 0 | _aengara | |
| 082 |
_a181.0703 _bDIC 1970 |
||
| 245 | 0 | 2 |
_aA dictionary of Muslim philosophy / _c[Compiled by] M. Saeed Sheikh |
| 260 |
_aLahore : _bInstitute of Islamic Culture, _c1970. |
||
| 300 |
_avii, 146 p. ; _c23 cm. |
||
| 350 | _a6.00 | ||
| 650 | 0 |
_aIslamic philosophy _xDictionaries _xArabic. _998620 |
|
| 650 | 0 |
_aArabic language _xDictionaries _xEnglish. _998621 |
|
| 700 |
_aSheikh, M. Saeed , [Comp.] _9223880 |
||
| 942 |
_2ddc _cREF |
||
| 999 |
_c32415 _d32415 |
||